Gares de la Meuse - Statistiques

Statistiques générales
  • Ce quiz a été pris 97 fois
  • Le résultat moyen est 6 sur 11
Statistiques - réponses
Nombre de voyageurs Gares % Correct
478 077 Bar le Duc
98%
218 513 Verdun
90%
276 194 Commercy
77%
290 795 Meuse TGV
77%
133 682 Etain
48%
9 215 Montmédy
43%
7 410 Lérouville
34%
109 048 Revigny
34%
6 786 Pagny sur Meuse
25%
1 288 Nançois - Tronville
23%
43 344 Baroncourt
18%
Aucun quiz correspondant
Distribution des résultats
% des personnes avec chaque résultat
Percentile par nombre de réponses
Votre historique - résultats
Vous n’avez pas pris ce quiz